000
00249nam a2200097Ia 4500
008
240331s9999 xx 000 0 und d
082
_b
VED
100
_a
Vedavalli, L
245
0
_a
Socio economic profile of Sri Lanka repatriates in Kotagiri
942
_c
L
999
_c
1452
_d
1452